Spotify Top 50 Artists in the world - Statistics

General Stats
  • This quiz has been taken 15,488 times
    5,425 since last reset
  • The average score is 30 of 50
Answer Stats
# Monthly listeners
(Millions)
Popular Song Singer % Correct
7 94.59 Shake It Off Taylor Swift
95%
2 117.02 Blinding Lights The Weeknd
94%
4 110.10 Bad Romance Lady Gaga
93%
5 105.22 Bad Guy Billie Eilish
92%
1 138.92 The Lazy Song Bruno Mars
91%
17 73.69 God's Plan Drake
89%
11 83.10 Diamonds Rihanna
88%
35 57.37 Bohemian Rhapsody Queen
87%
10 83.96 Espresso Sabrina Carpenter
87%
28 60.93 Hips Don't Lie Shakira
87%
3 111.67 Thank U Next Ariana Grande
86%
6 95.04 Sorry Justin Bieber
85%
15 78.77 Not Like Us Kendrick Lamar
82%
33 58.38 Hello Adele
81%
12 82.76 Chandelier Sia
81%
27 61.46 Last Friday Night Katy Perry
80%
38 56.73 Wrecking Ball Miley Cyrus
80%
24 63.18 Levitating Dua Lipa
77%
9 87.18 Thinking Out Loud Ed Sheeran
76%
8 92.53 Sky Full Of Stars Coldplay
73%
16 75.33 My Name Is Eminem
73%
22 66.36 Gold Digger Kanye West
71%
43 55.50 Crazy In Love Beyonce
70%
30 60.14 Believer Imagine Dragons
70%
20 70.63 SICKO MODE Travis Scott
70%
34 57.85 Summertime Sadness Lana Del Ray
68%
19 71.09 Circles Post Malone
64%
13 80.19 Kill Bill SZA
64%
29 60.53 Last Christmas Wham!
61%
23 64.51 APT. Rose
54%
14 79.52 We Belong Together Mariah Carey
52%
39 56.47 Do I Wanna Know? Arctic Monkeys
49%
21 68.69 MONACO Bad Bunny
48%
44 54.33 In The End Linkin Park
46%
40 56.45 Happier Marshmello
46%
49 52.02 Stay With Me Sam Smith
45%
26 62.33 This Love Maroon 5
43%
25 62.92 Candle In The Wind Elton John
38%
42 55.52 Give Me Everything Pitbull
38%
48 52.53 Gasolina Daddy Yankee
36%
31 59.95 Summer Calvin Harris
34%
47 52.58 Young Dumb & Broke Khalid
34%
37 56.95 It's Beginning To LookA Lot Like Christmas Michael Buble
31%
18 73.58 Hey Mama David Guetta
26%
41 56.32 Bum Bum Tam Tam Future
25%
32 58.53 Loco Contigo J Balvin
18%
50 51.98 Rockin' Around TheChristmas Tree Brenda Lee
17%
36 57.08 TQG Karol G
15%
46 53.59 Type Shit Playboi Carti
15%
45 54.16 Dream Girl Rauw Alejandro
3%
No matching quizzes found
Score Distribution
Percent of People with Each Score
Percentile by Number Answered
Your Score History
You have not taken this quiz since the last reset